000
00315nam a2200133Ia 4500
005
20251222140101.0
008
251222s1900||||xx |||||||||||||| ||spa||
020
_a
84-321-2462-1
082
_a
128/C572
100
_a
Choza, Jacinto
245
0
_a
Manual de Antropología Filosófica
264
_b
RIALP
942
_c
LIB
999
_c
3922
_d
3922